Anatomy and ultracytology of latex vessels (Record no. 54287)

MARC details
000 -LEADER
fixed length control field 00393nam a2200109Ia 4500
100 ## - MAIN ENTRY--AUTHOR NAME
Personal name Premakumari D
245 #0 - TITLE STATEMENT
Title Anatomy and ultracytology of latex vessels
260 ## - PUBLICATION, DISTRIBUTION, ETC. (IMPRINT)
Name of publisher In: Natural rubber: Biology, cultivation and technology. (Ed. M.R. Sethuraj and N.M. Mathew). Elsevier, Amsterdam, pp.67-87
Year of publication 1992
700 ## - ADDED ENTRY--PERSONAL NAME
Personal name Panikkar A O N
942 ## - ADDED ENTRY ELEMENTS (KOHA)
Koha item type Journals
Holdings
Withdrawn status Lost status Damaged status Not for loan Home library Current library Date acquired Koha item type
      Journals RRII Library RRII Library 17/12/2021 Journals